000 004340000a22001690004500
003 MACL
005 20160105174831.0
008 160105b xxu||||| |||| 00| 0 eng d
040 _aMACL
_cMACL
041 _aEnglish
082 _a823/STA
100 _aGardner, Erle Stanley
_927639
245 _aThe Case of The Musical Cow
260 _bWilliam Heinemann Ltd
_c1957
_aLondon
650 _aFiction
_928399
942 _cBK
_k823/GAR
_2ddc
999 _c34856
_d34856